000 00258nam a22001217a 4500
008 181207b xxu||||| |||| 00| 0 eng d
041 _aeng
080 _24 TH
_a591
100 _a7
101 _aZOO
245 _aGeneral Zoology
_cSteve.m
942 _2udc
_cBK
999 _c52988
_d52988